Who Did That Jazz Song II - Statistics

General Stats
  • This quiz has been taken 279 times
  • The average score is 7 of 18
Answer Stats
Song Artist % Correct
Cantalope Island Herbie Hancock
75%
Blue Rondo ala Turk Dave Brubeck Quartet
67%
Satin Doll Duke Ellington
67%
Sing Sing Sing Benny Goodman
65%
Salt Peanuts Dizzy Gillespie
62%
Concierto de Aranjuez Miles Davis
62%
Ko Ko Charlie Parker
60%
In the Mood Glenn Miller
55%
Song For My Father Horace Silver
50%
Mercy, Mercy, Mercy Cannonball Adderley
47%
Well, You Needn't Thelonious Monk
46%
500 Miles High Return to Forever/Chick Corea
23%
Trave'lin Light Billy Holiday
18%
Four Brothers Woody Herman
11%
The In Crowd Ramsey Lewis
9%
Artistry in Rhythm Stan Kenton
9%
Land of Make Believe Chuck Mangione
6%
Gingerbread Man Dexter Gordon
6%
No matching quizzes found
Score Distribution
Percent of People with Each Score
Percentile by Number Answered
Your Score History
You have not taken this quiz